000 02183cam a22005054i 4500
003 PE-LiUPU
005 20250731173417.0
008 150706s r 000 0 d
020 _a9780829751031
035 _a(Sirsi) i9780829751031
040 _aPE-LiUPU
_bspa
_cPE-LiUPU
_erda
049 _aPRUA
082 0 4 _a232.954
_bT27
_221
100 1 _aTaylor, Thomas F.,
_d1959 - ,
_eautor.
245 1 0 _aParadoja :
_bcómo asimilar las contradicciones de Jesús /
_cpor Tom Taylor; traducido por Marcos Buzzelli.
264 1 _aFlorida :
_bEditorial Vida,
_c2008.
300 _a173 páginas ;
_c22 cm.
336 _atext
_2rdacontent
337 _aunmediated
_2rdamedia
338 _avolume
_2rdacarrier
504 _aIncluye notas bibliográficas.
505 0 _aPaz para almas sin descanso -- Quítame una carga: trabajar para descansar -- Cuando ver no es creer: caminar por fe, no por vista -- Satisfacción garantizada: dar para recibir -- Libertad de máxima seguridad: ser esclavizado para ser liberado -- En contra de tu mejor juicio: encuentra la sabiduría de los necios -- El poder de la debilidad positiva: ceder para conquistar -- Más altos cuando nos inclinamos: servir para reinar -- La vida que has estado buscando: morir para virir.
526 _aSEG42
526 _aSEG41
526 _aSEG40
526 _aSEG39
526 _aP94
526 _aP87
526 _aP86
526 _aP85
526 _aP77
526 _aP76
526 _aP35
541 _g001-0000575;
600 1 _aJesucristo
_xEnseñanzas
_9933
650 0 4 _aVida cristiana
_xEnseñanza bíblica.
700 1 _aBuzzelli, Marcos,
_etr.
700 1 _aGalán, Carolina,
_eed.
910 _agl
_cjck
_d20120605
942 _2ddc
_cBOOK
949 _a232.954 T27
_wDEWEY
_c1
_i64854
_lCCODEBUL1
_mBUL
_p9.00
_r0
_sY
_tBOOK
_u2015-7-6
_xTEOLOGIA
_PP35
_o.STAFF. Colección General
994 _aC0
_bPEPRU
596 _a1
999 _a232.954 T27
_wDEWEY
_c53559
_i64854
_f2021-11-11
_g5
_lCCODEBUL1
_mBUL
_p9.00
_r0
_sY
_tBOOK
_u2015-7-6
_xTEOLOGIA
_PP35
_0COMPRA
_o.STAFF. Colección General
_d53559
980 _81
_gALBERTO SANCHEZ Responsable de Automatización